Wassily Kandinsky : Wege zur Abstraktion

Gespeichert in:
Bibliographische Detailangaben
VerfasserIn: Brucher, Günter (VerfasserIn)
Mitwirkende: Kandinsky, Wassily (IllustratorIn)
Dokumenttyp: Buch
Sprache:German
Veröffentlicht: München ; London ; New York, NY : Prestel , 1999
Schlagwörter:
Online Zugang:Inhaltsverzeichnis
Bibliogr. Hinweis:Rezensiert in: [Rezension von: Günter Brucher, Kandinsky - Matthias Haldemann, Kandinskys Abstraktion]
Verantwortlich:Günter Brucher
LEADER 03489cam a2200817 c 4500
001 254787525
003 DE-627
005 20260327085326.0
007 tu
008 990215s1999 gw ||||| 00| ||ger c
015 |a 99,N09,0599  |2 dnb 
015 |a 99,A22,1550  |2 dnb 
016 7 |a 955707285  |2 DE-101 
020 |a 3791320564  |q Pp.: DM 68.00, sfr 64.00, S 496.00  |9 3-7913-2056-4 
035 |a (DE-627)254787525 
035 |a (DE-603)061543292 
035 |a (DE-576)074669141 
035 |a (DE-599)GBV254787525 
035 |a (OCoLC)845197016 
035 |a (OCoLC)231775519 
035 |a (OCoLC)41980726 
035 |a (AT-OBV)AC02519147 
035 |a (DE-478)952088423 
035 |a (JUB)b10328634 
040 |a DE-627  |b ger  |c DE-627  |e rakwb 
041 |a ger 
044 |c XA-DE  |c XA-GB  |c XD-US  |c XA-RU 
050 0 |a ND699.K3 
084 |a Rmm Kandinsky, W.  |2 asb 
084 |a KU 840 KAN  |2 sfb 
084 |a K 911 Kandinsky, W.  |2 kab 
084 |a 46  |2 sdnb 
084 |a 9,10  |2 ssgn 
084 |a LI 45250  |2 rvk  |0 (DE-625)rvk/96353: 
084 |a 20.31  |2 bkl 
100 1 |a Brucher, Günter  |d 1941-  |0 (DE-588)122030672  |0 (DE-627)081693362  |0 (DE-576)160448786  |4 aut 
245 1 0 |a Wassily Kandinsky  |b Wege zur Abstraktion  |c Günter Brucher 
246 1 |i Nebent.  |a Kandinsky - Wege zur Abstraktion 
246 3 3 |a Wassily Kandinsky 
246 3 3 |a Wege zur Abstraktion 
263 |a Gb. : ca. DM 68.00, ca. sfr 64.00, ca. S 496.00 
264 1 |a München  |a London  |a New York, NY  |b Prestel  |c 1999 
300 |a 607 S  |b zahlr. Ill  |c 23 cm 
336 |a Text  |b txt  |2 rdacontent 
337 |a ohne Hilfsmittel zu benutzen  |b n  |2 rdamedia 
338 |a Band  |b nc  |2 rdacarrier 
500 |a Literaturverz. S. 600 - 605 
505 8 |a Literaturverz. S. 600 - 605 
583 1 |a Archivierung/Langzeitarchivierung gewährleistet  |c 20211025  |f SLG  |x XA-DE-BW  |z Buchnachlass  |2 pdager  |5 DE-25 
583 1 |a Archivierung/Langzeitarchivierung gewährleistet  |c 20211220  |f SLG  |x XA-DE-BW  |z Provenienz  |2 pdager  |5 DE-25 
583 1 |a Archivierung/Langzeitarchivierung gewährleistet  |f SSG  |x XA-DE-BW  |2 pdager  |5 DE-16 
648 7 |a Geschichte 1909-1913  |2 gnd 
650 0 |a Art, Abstract 
653 0 |a Kandinsky, Wassily  |a Criticism and interpretation 
689 0 0 |d p  |0 (DE-588)118559737  |0 (DE-627)142073997  |0 (DE-576)161645410  |a Kandinsky, Wassily  |d 1866-1944  |2 gnd 
689 0 1 |d s  |0 (DE-588)4141148-1  |0 (DE-627)105622613  |0 (DE-576)209708875  |a Abstrakte Malerei  |2 gnd 
689 0 2 |a z  |2 gnd  |a Geschichte 1909-1913 
689 0 |5 DE-101 
700 1 |a Kandinsky, Wassily  |d 1866-1944  |e Ill.  |0 (DE-588)118559737  |0 (DE-627)142073997  |0 (DE-576)161645410  |4 ill 
787 0 8 |i Rezensiert in  |a Zimmermann, Reinhard, 1952 -   |t [Rezension von: Günter Brucher, Kandinsky - Matthias Haldemann, Kandinskys Abstraktion]  |d Regensburg : Schnell und Steiner, 2004  |w (DE-627)1552500411  |w (DE-576)482500417 
856 4 2 |u http://scans.hebis.de/HEBCGI/show.pl?06154329_toc.pdf  |m V:DE-604  |q application/pdf  |3 Inhaltsverzeichnis  |7 1 
935 |i Blocktest 
936 r v |a LI 45250  |b Kandinsky, Wassily  |k Kunstgeschichte  |k Künstler-Monografien  |k Alphabetische Künstlerliste  |k Künstler K  |k Kandinsky, Wassily  |0 (DE-627)1270705261  |0 (DE-625)rvk/96353:  |0 (DE-576)200705261 
936 b k |a 20.31  |j Bildende Künstler  |0 (DE-627)181571080 
936 s n |a l300  |2 mzub 
951 |a BO 
990 |a Kandinsky, Wassily 
990 |a Abstrakte Malerei 
990 |a Geschichte 1909-1913 
991 |a Rezensiertes Werk 
999 |a KXP-PPN254787525  |e 413207756X